Legislative document / State of New York

Saved in:  
Bibliographic Details
Corporate Author: New York. VerfasserIn Staat (Author)
Format: Print Journal
Language:English
Published: Albany, NY Lyon 1910-
In:Year: 1910
Check availability: HBZ Gateway
Volumes / Articles:Show volumes/articles.
Keywords:

MARC

LEADER 00000cas a2200000 c 4500
001 13044071X
003 DE-627
005 20250707054813.0
007 tu
008 931116c19109999xxuz| p| 0 |0eng c
016 7 |a 013803662  |2 DE-101 
016 7 |a 702679-1  |2 DE-600 
035 |a (DE-627)13044071X 
035 |a (DE-576)015946096 
035 |a (DE-599)ZDB702679-1 
035 |a (OCoLC)1367783690 
040 |a DE-627  |b ger  |c DE-627  |e rakwb 
041 |a eng 
044 |c XD-US 
082 0 4 |a 340  |q DE-600 
084 |a 86.10  |2 bkl 
110 2 |a New York  |g Staat  |e VerfasserIn  |0 (DE-588)4042012-7  |0 (DE-627)106216449  |0 (DE-576)209048174  |4 aut 
245 1 0 |a Legislative document / State of New York 
264 3 1 |a Albany, NY  |b Lyon  |c 1910- 
336 |a Text  |b txt  |2 rdacontent 
337 |a ohne Hilfsmittel zu benutzen  |b n  |2 rdamedia 
338 |a Band  |b nc  |2 rdacarrier 
362 0 |a 1910 - 
363 0 1 |i 1910 
515 |a Springende Ersch.-Jahre; später mit Zählung 
655 7 |a Zeitschrift  |0 (DE-588)4067488-5  |0 (DE-627)10454466X  |0 (DE-576)20917000X  |2 gnd-content 
689 0 0 |d g  |0 (DE-588)4042011-5  |0 (DE-627)106216457  |0 (DE-576)209048166  |a New York, NY  |2 gnd 
689 0 1 |d g  |0 (DE-588)4042012-7  |0 (DE-627)106216449  |0 (DE-576)209048174  |a New York  |g Staat  |2 gnd 
689 0 2 |d s  |0 (DE-588)4583172-5  |0 (DE-627)325244332  |0 (DE-576)212387677  |a Ortsrecht  |2 gnd 
689 0 3 |d s  |0 (DE-588)4173443-9  |0 (DE-627)105379905  |0 (DE-576)209950285  |a Partikularrecht  |2 gnd 
689 0 4 |d g  |0 (DE-588)4078704-7  |0 (DE-627)106076612  |0 (DE-576)209209682  |a USA  |2 gnd 
689 0 5 |d g  |0 (DE-588)4001670-5  |0 (DE-627)106396161  |0 (DE-576)208843884  |a Amerika  |2 gnd 
689 0 6 |d s  |0 (DE-588)4048737-4  |0 (DE-627)106189719  |0 (DE-576)20907907X  |a Recht  |2 gnd 
689 0 |5 (DE-627) 
936 b k |a 86.10  |j Recht einzelner Länder, Gebiete und Völker  |q ARK  |0 (DE-627)106422499 
951 |a JT 
ELC |b 1 
LOK |0 000 xxxxxcx a22 zn 4500 
LOK |0 001 2555920854 
LOK |0 003 DE-627 
LOK |0 004 13044071X 
LOK |0 005 20071115111502 
LOK |0 008 071115||||||||||||||||ger||||||| 
LOK |0 040   |a DE-Frei85  |c DE-627  |d DE-Frei85 
LOK |0 852   |a DE-Frei85 
LOK |0 852 1  |m p  |9 00 
LOK |0 938   |k p 
LOK |0 939   |a 15-11-07  |b l01 
ORI |a SA-MARC-krimdokb001.raw 
SPR |a 1  |t KRI